| 000 | 00597nam a22001937a 4500 | ||
|---|---|---|---|
| 005 | 20251022113056.0 | ||
| 010 | _aENG-144683 | ||
| 020 |
_a9789355290243 _c295.00 |
||
| 035 | _aEN-128215 | ||
| 037 | _bDBAD/PUB | ||
| 082 | _a881 | ||
| 100 |
_aKumar,Karipe Raj _985517 |
||
| 245 |
_aUnsung Adilabad/ _cKaripe Raj Kumar |
||
| 260 |
_aNew Delhi _bAuthorspress _c2022 |
||
| 270 |
_aQ-2A Hauz Khas Enclave _bNew Delhi _k9818049852 _e110016 _mauthorspressgroup@gmail.com |
||
| 300 |
_a111 p. _c22 cm(pbk) |
||
| 700 |
_aMANTHENA DAMODARA CHARY _980855 |
||
| 942 |
_2ddc _cEN _h881 _mKAR |
||
| 999 |
_c211097 _d211097 |
||